[Event "Jakarta op"]
[Site "Jakarta"]
[Date "1997.??.??"]
[Round "?"]
[White "Suroso, Joko"]
[Black "Tiviakov, Sergei"]
[Result "0-1"]
[WhiteElo "2265"]
[BlackElo "2600"]
[PlyCount "116"]
[EventDate "1997.??.??"]
[EventType "swiss"]
[EventRounds "9"]
[EventCountry "INA"]
[SourceTitle "EXT 2000"]
[Source "ChessBase"]
[SourceDate "1999.11.16"]
[SourceVersion "1"]
[SourceVersionDate "1999.11.16"]
[SourceQuality "1"]

1. d4 Nf6 2. c4 e6 3. Nc3 Bb4 4. Bd2 0-0 5. Nf3 b6 6. a3 Bxc3 7. Bxc3 Bb7 8. g3 Ne4 9. Rc1 Ng5 10. Bg2 Nxf3+ 11. exf3 d5 12. f4 Bc6 13. cxd5 Bxd5 14. 0-0 Nc6 15. Re1 Qd7 16. Qd3 Bxg2 17. Kxg2 Rfd8 18. Qe4 Ne7 19. Re2 Qd5 20. f3 Rac8 21. g4 Rd7 22. Kg3 Nc6 23. h4 h5 24. Qxd5 Rxd5 25. Re4 a5 26. Kf2 g6 27. Ke3 Ne7 28. Re5 Rcd8 29. Rg1 Kh7 30. Ke4 R8d6 31. gxh5 gxh5 32. Reg5 Ng6 33. R1g3 Kh6 34. a4 Rf5 35. Bd2 c5 36. Be3 cxd4 37. Bd2 d3 38. Rxf5 exf5+ 39. Kxf5 Re6 40. Rxg6+ Rxg6 41. Ke4 Rd6 42. Ke5 Rd7 43. Ke4 f5+ 44. Ke3 Kg6 45. Bc3 Kf7 46. Kd2 Ke6 47. Ke3 Rd5 48. Be1 Kd6 49. Kd2 Rd4 50. b3 Kc6 51. Ke3 Rd5 52. Kd2 Rd7 53. Kc3 Re7 54. Bd2 Re2 55. Kxd3 Rh2 56. Be1 Kd5 57. b4 axb4 58. Bxb4 Rxh4 0-1